15 biggest countries - Sudden Death - Statistics

General Stats
  • This quiz has been taken 311 times
  • The average score is 7 of 15
Answers on the Grid
Answers color-coded by a green-red scale on the quiz's grid according to % correct below.
Russia
Iran
China
Sweden
Pakistan
South Africa
Algeria
USA
Canada
Libya
Brazil
Mongolia
Turkey
Argentina
India
Niger
Australia
Kazakhstan
Peru
Chile
DR Congo
Venezuela
Saudi Arabia
Mexico
Indonesia
Egypt
Sudan
Nigeria
Colombia
Chad
 
Answer Stats
Answer % Correct
Russia
96%
China
81%
USA
76%
Canada
69%
Brazil
67%
Australia
48%
Kazakhstan
43%
Algeria
33%
India
33%
Argentina
30%
DR Congo
30%
Mexico
25%
Indonesia
23%
Saudi Arabia
19%
Sudan
12%
No matching quizzes found
Score Distribution
Percent of People with Each Score
Percentile by Number Answered
Your Score History
You have not taken this quiz